000
00259nam a2200109Ia 4500
005
20251222144732.0
008
251222s9999||||xx |||||||||||||| ||spa||
082
_a
305.4/P43
245
0
_a
Mujeres a través de la historia:
264
_b
PROMUDEH
942
_c
LIB
999
_c
18637
_d
18637